000 01164nam a22003137a 4500
001 457
005 20230425103719.0
008 031212s2004 nyua j 001 0 eng
020 _a0778706672 (rlb : alk. paper)
020 _a0778706974 (pb : alk. paper)
040 _aDLC
_cDLC
_dDLC
_beng
050 0 0 _aQK49
_b.A45 2004
082 0 0 _a582.13
_222
100 1 _aAloian, Molly.
245 1 4 _aThe life cycle of a flower /
_cMolly Aloian & Bobbie Kalman.
260 _aNew York :
_bCrabtree Pub. Co.,
_c2004.
300 _a32 pages :
_bcolor illustrations :
_c25 cm.
490 1 _aThe life cycle series
500 _aIncludes index.
505 _aQ
520 _aThe Life Cycle of a Flower looks at the growth of a flowering plant from seed to the time it is a mature plant capable of producing new seeds. Delightful illustrations, stunning photographs and easy-to-read text help young readers.
521 _a860
_bLexile
521 _aQ
_bRaz-Plus
650 0 _aFlowers
_xLife cycles
_vJuvenile literature.
650 1 _aFlowers
_xLife cycles.
700 1 _aKalman, Bobbie.
906 _a7
_bcbc
_corignew
_d1
_eecip
_f20
_gy-gencatlg
942 _2ddc
_cBK
_n0
999 _c457
_d457